étymologie médical des organes (part.2) - Statistiques

Statistiques générales
  • Ce quiz a été pris 880 fois
  • Le résultat moyen est 11 sur 15
Statistiques - réponses
Préfixes Traduction % Correct
Ocul/ Occul(o)/ Ophtalm(o) Oeil
96%
Prancréat(o) Pancréas
96%
Prostat(o) Prostate
96%
Osté(o) Os
95%
Ovari(o) Ovaire
95%
Odont(o) Dent
86%
Pulm Poumon
86%
Pharyng(o) Pharynx
85%
Névr(o) Nerf
80%
Proct(o)/ Rect(o) Rectum
78%
Oeso oesophage
67%
Phléb(o) Veine
59%
Orch/ Orchid(o) Testicule
35%
Phrén(o) Diaphragme
11%
Radicul(o) Nerfs rachidiens
1%
Aucun quiz correspondant
Distribution des résultats
% des personnes avec chaque résultat
Percentile par nombre de réponses
Votre historique - résultats
Vous n’avez pas pris ce quiz